| 000 | 01580nam a2200385 i 4500 | ||
|---|---|---|---|
| 001 | 000004293 | ||
| 003 | DO-SdBNP | ||
| 005 | 20240430111442.0 | ||
| 007 | ta | ||
| 008 | 090721s1977 dr r 000 0 spa d | ||
| 040 |
_aDO-SdBNP _bspa _cBNPHU _erda |
||
| 082 | 4 |
_a330.97293 _bE19d, 1976 _222 |
|
| 245 | 0 | 0 |
_aEconomía dominicana, 1976 / _cJosé Luis Alemán, Carlos Ascuasisti, Manuel José Cabral, Francisco José Castillo, Carlos Despradel. Jorge Munguia, Ramón Pérez Minaya, Bernardo Vega, Gustavo Volmar |
| 260 |
_aSanto Domingo : _bAsociación para el Desarrollo, _bFondo para el Avance de las Ciencias Sociales, _c1977. |
||
| 300 |
_a347 páginas ; _c22 cm. |
||
| 336 |
_2rdacontent _atexto _btxt |
||
| 337 |
_2rdamedia _asin mediación _bn |
||
| 338 |
_2rdacarrier _avolumen _bnc |
||
| 500 | _aIncluye referencias bibliográficas y notas al pie de las páginas | ||
| 590 | _aInventariado, 2018/ YL | ||
| 650 | 4 |
_aPolítica monetaria _zRepública Dominicana _y1976 _912675 |
|
| 651 | 4 |
_aRepública Dominicana _xCondiciones Económicas _y1976 _912676 |
|
| 651 | 4 |
_aRepública Dominicana _xPolítica Económica _y1976 _912677 |
|
| 700 | 1 |
_aAlemán, José Luis, _97046 |
|
| 700 | 1 |
_aAscuasiati, Carlos _98509 |
|
| 700 | 1 |
_aCabral, Manuel José _912678 |
|
| 700 | 1 |
_aCastillo, Francisco José _912679 |
|
| 700 | 1 |
_aDesprader, Carlos _912680 |
|
| 700 | 1 |
_aMunguia, Jorge _912681 |
|
| 700 | 1 |
_aPérez Minaya, Ramón _99437 |
|
| 700 | 1 |
_aVolmar, Gustavo _912682 |
|
| 700 | 1 |
_aVega, Bernardo, _d1938 - _93222 |
|
| 910 | _aValidado. Control de calidad. MFF | ||
| 942 |
_2ddc _cLBS1 |
||
| 999 |
_c4102 _d4102 |
||